000 00654nam a22001695i 4500
001 152502
003 ES-MaACL
005 20230906204755.0
008 051017s1878 fr | |||||||| ||fre d
040 _aCAM
_bspa
_cCAM
100 1 _aBouet, Maxime.
_930866
245 1 0 _aÉtude sur les chemins de fer départementaux économiques à voie étroite
_b: achèvement des voies ferrèes /
_cpar Maxime Bouet.
260 _aMoissac :
_b[s.n.],
_c1878 (
_fImprimerie J. Guy)
300 _a53 p. ;
_c22 cm.
650 4 _aFerrocarriles-
_zFrancia.
_9136103
852 _aES-MaACL
_jT-675-F-2
_z-- Enc. hol. conservando la cub. original
_z-- Enc. en un vol. facticio
999 _c152502
_d152502